000 02038nab a22003137a 4500
999 _c5263
_d5263
003 OSt
005 20250209221700.0
008 190603e xxum|||| |||| 00| 0 spa d
040 _cPJ
100 _96317
_aGarcía de Solavagione, Alicia
245 1 0 _aPara las agencias eres una vasija (Y. C.) :
_ba raíz del fallo de la CSJN sobre maternidad subrogada /
_cAlicia García de Solavagione.
260 _cCiudad Autónoma de Buenos Aires :
_aThomson Reuters La Ley,
_b2025.
300 _ap. 190-203.
500 _aCita Online: TR LALEY AR/DOC/44/2025. Publicado en: RCCyC 2025 (febrero) , 190.
505 _aSumario: I. Pórtico.— II. El derrotero de los progenitores locatarios/comitentes; la progenitora subrogada y la justicia argentina.— III. Argumentos de los comitentes en segunda instancia.— IV. Argumentos de la Cámara Nacional de Apelaciones en lo Civil. Sala "E".— V. Recurso extraordinario federal.— VI. Exégesis de los argumentos de la CS. La indispensable certeza jurídica. Nuestras ideas y preocupaciones acerca de la maternidad subrogada.— VII. Estados de familia.— VIII. Gestación por sustitución transnacional. Turismo procreativo. Vida privada. Interés superior familiar.— IX. Bibliografía.
505 _aFallo comentado: CS ~ 22/10/2024 ~ S., I. N. c. A., C. L. s/ impugnación de filiación.
505 _t¿Te interesa el texto completo? Solicitalo al correo: koha@justierradelfuego.gov.ar
650 0 _9967
_aDERECHO DE FAMILIA
650 0 _92741
_aDERECHOS DE LAS NIÑAS, NIÑOS Y ADOLESCENTES
650 0 _91004
_aFILIACION
650 0 _94486
_aGESTACION POR SUSTITUCION
650 0 _94292
_aTÉCNICAS DE REPRODUCCIÓN HUMANA ASISTIDA
650 0 _95385
_aVOLUNTAD PROCREACIONAL
650 0 _94044
_aPERSPECTIVA DE GÉNERO
650 0 _94097
_aINTERES SUPERIOR DEL NIÑO
650 0 _9234
_aDERECHO COMPARADO
773 0 _02713
_93170
_dCiudad Autónoma de Buenos Aires : Thomson Reuters La Ley, 2015-
_tRevista Código Civil y Comercial. Nº 1 - Febrero 2025
942 _2udc
_cANA